000 00710nam a22002177a 4500
999 _c2337
_d2337
003 AR-CdUCM
008 190304b ||||| |||| 00| 0 spa d
040 _aMUNICIPALIDAD PROVINCIAL DEL CUSCO
_cBIBLIOTECA MUNICIPAL DEL CUSCO
082 _a869.018 /
_bM79
100 _aMorales, Ernesto
_98431
245 _aLos niños y la poesía en américa /
260 _aSantiago de Chile :
_bEdit. Ercilla,
_c1936.
300 _a152 paginas ;
_c21 cm.
505 _aLos niños --Poesía en América --Literatura Folklorica /
650 _aPoesía latinoamericana
_92147
650 _aHistoria
_9246
650 _aCrítica.
_9666
650 _aNiños en la literatura
_98432
942 _2ddc
_cLIBROS
945 _arjall